000 00428pab a2200169 454500
008 180718b2012 xxu||||| |||| 00| 0 eng d
100 _aMa, Jun
245 _aThe rise of social accountability in China
260 _c2012
300 _ap.111-121.
362 _aJun
650 _aAccountability - China
650 _aAccountability
773 _aAustralian Journal of Public Administration
908 _aN
909 _a97064
999 _c97064
_d97064